000 00675nam a22002177a 4500
003 UA-OsUOA
001 118875
007 ta
008 20160926b un ||||| |||| 00| 0 ukr d
100 _aСмешко І.
090 _a94(477)
_bС50
942 _cSA
040 _aUA-OsUOA
_bukr
_cUA-OsUOA
_dUA-OsUOA
245 _aНесподівана Київська Русь. Святослав Хоробрий, болгарія, Карл Маркс та самоідентифікація України
300 _aС.15
955 _a0
041 _aukr
080 _a94(477)
773 0 _w118874
650 7 _a9 Географія. Біографії. Історія
_2UDC
999 _c404995
_d404995